Statistics for Marvel's Deadpool Characters Quiz

Click here to take the quiz!

General Stats

  • This quiz has been taken 135 times
  • The average score is 6 of 9

Answer Stats

Actor/ActressDescriptionCharacter% Correct
Ryan ReynoldsA mercenary who is subjected to an experimental regenerative mutation to cure his cancer, which gives him accelerated healing superpowers, but severely scars his bodyWade Wilson / Deadpool
100%
Stefan KapicicAn X-Man with the mutant ability to transform his entire body into organic steelColossus
76%
Morena BaccarinAn escort and Wilson's girlfriendVanessa
71%
Brianna HildebrandA teenage X-Men trainee who possesses the mutant power to detonate atomic bursts from her bodyNegasonic Teenage Warhead
64%
Ed SkreinAn artificially-mutated member of Weapon X, the program that creates DeadpoolFrancis Freeman / Ajax
62%
Karan SoniA taxi driverDopinder
54%
Leslie UggamsAn elderly blind woman and Deadpool's roommateBlind Al
49%
T.J. MillerWilson's best friendWeasel
49%
Gina CaranoAn artificially-mutated member of Weapon X who possesses superhuman levels of strength, stamina and speedAngel Dust
41%

Score Distribution

Percentile by Number Answered

Percent of People with Each Score

Your Score History

You have not taken this quiz